Dvanáct úsměvných měsíců Hry a zábavy na celý rok

Bibliographic Details
Other Authors: Pleva, Josef Věromír, 1899-1985 (Compiler), Bouda, Cyril, 1901-1984 (Illustrator)
Format: Book
Language:Czech
PhysicalDescription:216 s. Ilustr. 24 cm
Published: Praha Albatros 1974
Subjects:

MARC

LEADER 00000nam a2200000 a 4500
001 vtls001422824
003 SK-MaSNL
005 20260301012912.0
008 210928s1974 xr a 0 000 cze
035 |a SNK000377693 
040 |a SNK  |b slo  |c SNK  |e AACR2 
041 |a cze 
044 |a xr  |c CZ 
080 |a 796.11(035)  |2 2001 
245 0 |a Dvanáct úsměvných měsíců  |b Hry a zábavy na celý rok  |c J. V. Pleva ... [et al.] ; ilustrácie Cyril Bouda ... [et al.] ; grafická úprava Vácal Kabát 
260 |a Praha  |b Albatros  |c 1974  |e Brno  |f Tisk 
300 |a 216 s.  |b Ilustr.  |c 24 cm 
506 |a 35000 výtl. 
650 0 7 |a detské hry  |2 SNKPH  |9 3287 
655 7 |a príručky  |2 SNKPH  |9 74364 
700 1 |a Pleva, Josef Věromír,  |d 1899-1985  |4 com  |9 69430 
700 1 |a Bouda, Cyril,  |d 1901-1984  |4 ill  |9 106133 
700 1 |a Kabát, Václav  |4 bkd  |9 280982 
958 |a OND 
999 |c 554671  |d 556601 
952 |t P60, <04>, [BOOK], {604}  |a SNK  |b SNK  |y VYP  |7 0  |p 17A0319836  |o snkIC 57541 D1  |0 0  |1 1  |4 0  |d 2001-10-23  |l 0  |r 2005-01-02 00:00:00  |w 2026-02-23